25 plus grandes unités urbaines de France - Statistiques

Statistiques générales
  • Ce quiz a été pris 106 fois
  • Le résultat moyen est 17 sur 25
Statistiques - réponses
Hint Réponse % Correct
10 944 094 Paris
100%
1 715 750 Lyon
99%
1 022 534 Bordeaux
98%
1 063 491 Lille
97%
1 081 726 Toulouse
97%
683 313 Nantes
92%
973 296 Nice
92%
489 538 Strasbourg
91%
375 940 Rennes
90%
480 915 Montpellier
88%
600 052 Toulon
76%
456 093 Grenoble
75%
273 822 Clermont-Ferrand
71%
292 263 Metz
71%
478 593 Rouen
71%
286 825 Nancy
68%
289 182 Orléans
68%
375 797 Saint-Etienne
65%
367 484 Tours
64%
1 635 154 Aix-Marseille
46%
466 924 Avignon
37%
259 017 Bayonne
27%
332 838 Valenciennes
22%
505 515 Douai-Lens
14%
356 543 Béthune
11%
Aucun quiz correspondant
Distribution des résultats
% des personnes avec chaque résultat
Percentile par nombre de réponses
Votre historique - résultats
Vous n’avez pas pris ce quiz